000 00483 a2200157 4500
003 OSt
005 20250610120356.0
008 250531b |||||||| |||| 00| 0 eng d
020 _a9781307644005
040 _coclc
082 _a339
_bTHO/E
245 _aEconomic Environment /
_cCompiled by Prof.Ashok Thomas, Prof. Leena Mary Eapen, Prof. Sthanu R Nair
260 _bMcGraw Hill,
_c2020.
300 _a330 pages
942 _2ddc
_cBK
_h339
_iTHO/E
_k339
_mTHO/E
999 _c44522
_d44522